Développement de l'entreprise logistique; Коммуникативные аспекты языка и культуры; Ч. 3
| Parent link: | Коммуникативные аспекты языка и культуры: сборник материалов XIV Международной научно-практической конференции студентов и молодых ученых, г. Томск, 21-23 мая 2014 г./ Национальный исследовательский Томский политехнический университет (ТПУ), Институт международного образования и языковой коммуникации (ИМОЯК) ; под ред. С. А. Песоцкой.— , 2014 Ч. 3.— 2014.— [P. 122-126] |
|---|---|
| Hovedforfatter: | |
| Institution som forfatter: | |
| Andre forfattere: | |
| Summary: | Заглавие с титульного экрана |
| Sprog: | fransk |
| Udgivet: |
2014
|
| Serier: | Специализированные области культуры как предмет изучения страноведения |
| Fag: | |
| Online adgang: | http://earchive.tpu.ru/handle/11683/21446 http://www.lib.tpu.ru/fulltext/c/2014/C77/V3/031.pdf |
| Format: | MixedMaterials Electronisk Book Chapter |
| KOHA link: | https://koha.lib.tpu.ru/cgi-bin/koha/opac-detail.pl?biblionumber=609978 |
MARC
| LEADER | 00000naa2a2200000 4500 | ||
|---|---|---|---|
| 001 | 609978 | ||
| 005 | 20260330155721.0 | ||
| 035 | |a (RuTPU)RU\TPU\conf\7534 | ||
| 035 | |a RU\TPU\conf\7531 | ||
| 090 | |a 609978 | ||
| 100 | |a 20141218d2014 k y0rusy50 ba | ||
| 101 | 0 | |a fre | |
| 102 | |a RU | ||
| 135 | |a drgn ---uucaa | ||
| 181 | 0 | |a i | |
| 182 | 0 | |a b | |
| 200 | 1 | |a Développement de l'entreprise logistique |f E. N. Dyrina, V. E. Belyaeva | |
| 203 | |a Текст |c электронный | ||
| 225 | 1 | |a Специализированные области культуры как предмет изучения страноведения | |
| 300 | |a Заглавие с титульного экрана | ||
| 320 | |a [Ref.: p. 125-126 (6 tit.)] | ||
| 337 | |a Adobe Reader | ||
| 461 | 1 | |0 (RuTPU)RU\TPU\conf\7313 |t Коммуникативные аспекты языка и культуры |o сборник материалов XIV Международной научно-практической конференции студентов и молодых ученых, г. Томск, 21-23 мая 2014 г. |o в 3 ч. |f Национальный исследовательский Томский политехнический университет (ТПУ), Институт международного образования и языковой коммуникации (ИМОЯК) ; под ред. С. А. Песоцкой |d 2014 | |
| 463 | 0 | |0 (RuTPU)RU\TPU\conf\7320 |t Ч. 3 |v [P. 122-126] |d 2014 | |
| 610 | 1 | |a труды учёных ТПУ | |
| 610 | 1 | |a электронный ресурс | |
| 610 | 1 | |a логистический бизнес | |
| 610 | 1 | |a логицизм | |
| 610 | 1 | |a логистика | |
| 610 | 1 | |a корпоративное управление | |
| 610 | 1 | |a логические системы | |
| 610 | 1 | |a национальная экономика | |
| 610 | 1 | |a бизнес | |
| 700 | 1 | |a Dyrina |b E. N. | |
| 701 | 1 | |a Belyaeva |b V. E. |c linguist |c Lecturer of Tomsk Polytechnic University |f 1988- |g Valeriya Evgenievna |3 (RuTPU)RU\TPU\pers\32464 | |
| 712 | 0 | 2 | |a Национальный исследовательский Томский политехнический университет |c (2009- ) |9 26305 |
| 801 | 2 | |a RU |b 63413507 |c 20210917 |g RCR | |
| 850 | |a 63413507 | ||
| 856 | 4 | |u http://earchive.tpu.ru/handle/11683/21446 | |
| 856 | 4 | |u http://www.lib.tpu.ru/fulltext/c/2014/C77/V3/031.pdf | |
| 942 | |c BK | ||